Politique Française en C - Statistiques

Statistiques générales
  • Ce quiz a été pris 265 fois
  • Le résultat moyen est 7 sur 10
Statistiques - réponses
Hint Réponse % Correct
Ancien président du parti Les Républicains (LR), qu’il quitte dans des conditions rocambolesques en 2024 pour faire alliance avec le Rassemblement National (RN). Il fonde par la suite son parti, l’Union des Droites Républicaines (UDR). Eric Ciotti
93%
Loi fondamentale française en vigueur depuis le 4 octobre 1958 Constitution
89%
Ancien Premier Ministre d’Emmanuel Macron, actuel président de la RATP Jean Castex
86%
1ère Première Ministre française, 4 fois ministre sous les présidences de François Mitterrand, membre du PS Edith Cresson
83%
Ancien Premier Ministre et Ministre de l’Intérieur de François Hollande, il a un temps été envisagé comme possible Premier Ministre en 2024, finalement doublé par Michel Barnier. Bernard Cazeneuve
80%
Institution française siégeant au Palais Royal à Paris. A deux rôles : conseiller le gouvernement sur des questions juridiques et être la plus haute juridiction pour le contentieux administratif Conseil d'Etat
65%
Ancien président du Conseil de la 3ème République, plusieurs fois député et ministre, surnommé “Père la Victoire” Georges Clémenceau
65%
Député LFI depuis 2017, il est président de la commission des finances depuis 2022 Eric Coquerel
62%
Actuel rapporteur général du budget, il est député sans discontinuer depuis 1993. Président et fondateur du groupe LIOT, il est très engagé sur les questions budgétaires et s’est fait connaître grâce à son opposition à la réforme des retraites de 2023. Charles de Courson
50%
Juridiction française d’exception, seule compétente pour juger les crimes et les délits commis par les membres du gouvernement dans l’exercice de leurs fonctions Cour de Justice de la République
23%
Aucun quiz correspondant
Distribution des résultats
% des personnes avec chaque résultat
Percentile par nombre de réponses
Votre historique - résultats
Vous n’avez pas pris ce quiz